| 000 | 03888nam0a22004931 4500 | ||
|---|---|---|---|
| 001 | v19\rc\1335872 | ||
| 005 | 20260508102956.0 | ||
| 035 | _a(NLR Aleph) 005209241 | ||
| 090 |
_a5390830 _c5390830 |
||
| 100 | _a20060512d1854 u y0rusy50 ca | ||
| 101 | 0 |
_arus _glit |
|
| 102 | _aRU | ||
| 105 | _aa z ||||| | ||
| 135 | _acomo mmmapabr | ||
| 135 | _acomo mmmapabr | ||
| 135 | _acomo mmmapabr | ||
| 200 | 1 |
_aЧерты из истории и жизни литовского народа _fсоставлены, с разрешения начальства, Виленским губернским статистическим комитетом _g[сост.: А.-Г. К. Киркор, П.В. Кукольник] |
|
| 210 |
_aВильно _cтип. О. Завадского _d1854 |
||
| 215 |
_a[3], 7-149, [1] с., [2] л. ил. _cфронт. (ил.) _d26 |
||
| 300 | _aАвт. установлены по изд.: Русские анонимные и подписанные псевдонимами произведения печати, 1801-1926. Ленинград, 1979. Вып. 3. С. 69; Русский биографическийсловарь, т. Ибак-Ключарев. С. 669. и т. Кнаппе-Кюхельбекер, с. 537; А.К. Киркор : краткий очерк жизни и деятельности / Янчук Н.А. - М., 1888. - С. 5 | ||
| 305 | _aВ рецензии И.И. Срезневского (Черты из истории и жизни литовского народа : [рецензия на книгу] / Срезневский И.И. // Известия Имп. Академии наук по отделению русского языка и словесности, 1984, т. 3, треть 1, л. 3, с. 44) отмечено, что "сборник этот есть вторая часть Памятной книжки Виленской губернии за 1854 год" | ||
| 305 | _aСм. также: Документы РГИА по истории издания "Памятной книжки Виленской губернии" (1854-1859 гг.) / Балацкая Н.М. // Белорусский сборник. СПб., 2005, Вып. 3. С. 98, 113 | ||
| 305 | _aИсточник: Памятные книжки губерний и областей Российской империи (1833-1917) : сводный каталог-репертуар / Балацкая Н.М., Раздорский А.И. ; РНБ. - СПб., 2008. - С. 49 | ||
| 325 | _aКопия доступна в Электрон. б-ке РНБ http://vivaldi.nlr.ru/bx000010726/view | ||
| 488 | 0 | _12001#$aПамятнаяй книжка Виленской губернии на 1854 год | |
| 700 | 1 |
_aКиркор _bА. Г. К. _f1818-1886 _gАдам Гонорий Карлович _3RU\NLR\AUTH\770193230 |
|
| 701 | 1 |
_aКукольник _bП. В. _f1795-1884 _gПавел Васильевич _3RU\NLR\AUTH\7777679 _7ca |
|
| 712 | 0 | 2 |
_aВиленский губернский статистический комитет _3RU\NLR\AUTH\8810080804 _4570 |
| 801 | 0 |
_aRU _bNLR _c20060512 _gpsbo |
|
| 801 | 0 |
_aRU _bRuMoRGB _c20060512 _2psbo |
|
| 801 | 1 |
_aRU _bProSoft-M _c20060512 _2rusmarc |
|
| 801 | 2 |
_aRU _bNLR _c20111221 _2rusmarc |
|
| 852 |
_aNLR _j18.391.1.23 |
||
| 852 |
_aNLR _j18.27.3.29 |
||
| 856 | 0 | _uhttps://nlr.ru/elibrarypro/memo/RA5946/content?id=273 | |
| 856 | 0 | _uhttp://vivaldi.nlr.ru/bx000010726/view | |
| 856 | 1 | _uhttp://vivaldi.nlr.ru/bx000010726/cover | |
| 856 | 2 | _uhttp://vivaldi.nlr.ru/bx000010726/text | |
| 942 | _cBOOK | ||
| 980 | _aNB | ||
| 981 | 3 | 6 | _a(36) Цифровой репозиторий РНБ |
| 981 | 2 | 6 |
_a(26) Памятные книжки губерний Российской империи _b(26) Виленская губерния |